[Event "Mondiale Semilampo 2016"]
[Site "Doha QAT"]
[Date "2016.12.26"]
[Round "1.31"]
[White "Leko, Peter"]
[Black "Atabayev, Yusup"]
[Result "0-1"]
[WhiteTitle "GM"]
[BlackTitle "IM"]
[WhiteElo "2693"]
[BlackElo "2473"]
[WhiteFideId "703303"]
[BlackFideId "14001128"]
[EventDate "2016.12.26"]

1. e4 c5 2. Nf3 Nc6 3. d4 cxd4 4. Nxd4 Qb6 5. Nb3 Nf6 6. Nc3 e6 7. Qe2 Bb4 8.
Bd2 O-O 9. a3 Bxc3 10. Bxc3 e5 11. O-O-O a5 12. f3 Rd8 13. Qb5 Qc7 14. Be1 a4
15. Nd2 d5 16. exd5 Rxd5 17. Qc4 Be6 18. Qc3 Rc8 19. Ne4 Rxd1+ 20. Kxd1 Nd5 21.
Qc5 b6 22. Qf2 Nd4 23. c3 h6 24. Ba6 Ra8 25. cxd4 Rxa6 26. dxe5 Qxe5 27. Bc3
Nxc3+ 28. Nxc3 b5 29. f4 Qf5 30. Qd4 Bb3+ 31. Ke2 Rg6 32. Rg1 Qh5+ 33. Kf2 Qxh2
34. Qe4 Qg3+ 0-1

[Event "Mondiale Semilampo 2016"]
[Site "Doha QAT"]
[Date "2016.12.26"]
[Round "1.32"]
[White "Al-Sayed, Mohammed"]
[Black "Amin, Bassem"]
[Result "0-1"]
[WhiteTitle "GM"]
[BlackTitle "GM"]
[WhiteElo "2508"]
[BlackElo "2662"]
[WhiteFideId "12100196"]
[BlackFideId "10601457"]
[EventDate "2016.12.26"]

1. d4 e6 2. Nf3 f5 3. g3 Nf6 4. Bg2 Be7 5. O-O O-O 6. c4 d6 7. Nc3 Qe8 8. Qc2
Qg6 9. Nh4 Qh5 10. Bf3 Qf7 11. d5 c6 12. b3 Ng4 13. dxe6 Bxe6 14. Ng2 Qh5 15. h4
g5 16. Bxg5 Bxg5 17. Bxg4 fxg4 18. hxg5 Qxg5 19. Rad1 Bf5 20. Qd2 Qg7 21. Qe3
Rf6 22. Qe8+ Rf8 23. Qe3 Rf6 24. Nf4 Qf7 25. Rd4 Nd7 26. Rfd1 Re8 27. Qd2 d5 28.
cxd5 c5 29. Ra4 a6 30. b4 b5 31. Ra5 cxb4 32. Nb1 Be4 33. Qxb4 Rh6 34. Ng2 Bxg2
35. Kxg2 Qh5 0-1

[Event "Mondiale Semilampo 2016"]
[Site "Doha QAT"]
[Date "2016.12.26"]
[Round "1.33"]
[White "Nguyen, Ngoc Truong Son"]
[Black "Salinas Herrera, Pablo"]
[Result "1-0"]
[WhiteTitle "GM"]
[BlackTitle "IM"]
[WhiteElo "2629"]
[BlackElo "2466"]
[WhiteFideId "12401110"]
[BlackFideId "3407128"]
[EventDate "2016.12.26"]

1. d4 d5 2. Nf3 Nf6 3. Bf4 e6 4. e3 c5 5. c3 Nc6 6. Nbd2 Bd6 7. Bg3 O-O 8. Bd3
b6 9. e4 Be7 10. e5 Nh5 11. a3 a5 12. Qe2 Ra7 13. O-O g6 14. Qe3 c4 15. Bc2 b5
16. Qh6 f5 17. exf6 Bxf6 18. Rae1 Bg7 19. Qe3 Nxg3 20. hxg3 Re7 21. Ne5 Nxe5 22.
dxe5 Rb7 23. Nf3 Bd7 24. Nd4 Qe7 25. Ra1 Re8 26. f4 Bf8 27. Kh2 Qg7 28. g4 Bc5
29. g5 Reb8 30. Rf3 Qf8 31. Kg3 Qc8 32. Rff1 Be8 33. Bd1 Bf7 34. Bg4 Rb6 35. Rh1
R8b7 36. Qg1 Be8 37. Qd1 Rf7 38. Rh4 Bd7 39. Qd2 Qb8 40. Rah1 b4 41. axb4 axb4
42. Qc2 bxc3 43. Qxg6+ Rg7 44. Qxg7+ 1-0

[Event "Mondiale Semilampo 2016"]
[Site "Doha QAT"]
[Date "2016.12.26"]
[Round "1.34"]
[White "Kayumov, Sergey"]
[Black "Vallejo Pons, Francisco"]
[Result "0-1"]
[WhiteTitle "GM"]
[BlackTitle "GM"]
[WhiteElo "2505"]
[BlackElo "2711"]
[WhiteFideId "14200880"]
[BlackFideId "2205530"]
[EventDate "2016.12.26"]

1. d4 e6 2. Bf4 d5 3. e3 Nf6 4. Nd2 Bd6 5. Bg3 c5 6. c3 O-O 7. Ngf3 Qc7 8. Ne5
Nc6 9. f4 Ne7 10. Bd3 c4 11. Bc2 b5 12. Bh4 Ne8 13. Qh5 g6 14. Qe2 f6 15. Nef3
b4 16. cxb4 Bxb4 17. O-O Ba6 18. a3 Bxd2 19. Nxd2 Qb6 20. Nf3 c3 21. Bd3 cxb2
22. Rab1 Bxd3 23. Qxd3 Nd6 24. Ne5 fxe5 25. Bxe7 e4 26. Qe2 Nc4 27. Bxf8 Rxf8
28. Rf2 Qb3 29. h4 Qxa3 30. h5 Qd3 31. Rxb2 Nxb2 32. Qxb2 Qxe3 33. hxg6 hxg6 34.
Kh2 Kg7 35. Qb7+ Rf7 36. Qb2 a5 37. g3 a4 38. Kg2 Qb3 39. Qc1 a3 40. Qc6 e3 41.
Re2 Qc4 42. Qxc4 dxc4 43. Ra2 Ra7 44. Kf3 Kf6 45. g4 g5 46. Kxe3 Ra4 47. Ke4 Ra5
48. Ke3 Rb5 49. fxg5+ Kxg5 50. Ke4 Ra5 51. Kf3 Ra6 52. Ke3 0-1

[Event "Mondiale Semilampo 2016"]
[Site "Doha QAT"]
[Date "2016.12.26"]
[Round "1.35"]
[White "Bortnyk, Olexandr"]
[Black "Henriquez Villagra, Cristobal"]
[Result "1-0"]
[WhiteTitle "GM"]
[BlackTitle "IM"]
[WhiteElo "2581"]
[BlackElo "2517"]
[WhiteFideId "14120828"]
[BlackFideId "3409350"]
[EventDate "2016.12.26"]

1. e4 c5 2. Nf3 d6 3. d4 cxd4 4. Nxd4 Nf6 5. Nc3 Nc6 6. Nb3 g6 7. Bg5 Bg7 8. Qd2
h6 9. Bf4 Be6 10. O-O-O Bxb3 11. cxb3 Qa5 12. Kb1 g5 13. Be3 Ng4 14. h4 Rc8 15.
hxg5 hxg5 16. Rxh8+ Bxh8 17. Be2 Nxe3 18. Qxe3 e6 19. Nb5 Ke7 20. Nxd6 Rd8 21.
Nc4 Rxd1+ 22. Bxd1 Qb5 23. a4 Qb4 24. Qxg5+ Bf6 25. Qh5 Qe1 26. f4 Bd4 27. g4
Qf2 1-0

[Event "Mondiale Semilampo 2016"]
[Site "Doha QAT"]
[Date "2016.12.26"]
[Round "1.36"]
[White "Shytaj, Luca"]
[Black "Fressinet, Laurent"]
[Result "0-1"]
[WhiteTitle "IM"]
[BlackTitle "GM"]
[WhiteElo "2435"]
[BlackElo "2672"]
[WhiteFideId "812633"]
[BlackFideId "608742"]
[EventDate "2016.12.26"]

1. e4 e5 2. Nf3 Nc6 3. Bc4 Bc5 4. d3 Nf6 5. h3 a6 6. a4 d6 7. Nbd2 Ne7 8. Nf1
Ng6 9. Ng3 c6 10. d4 exd4 11. Nxd4 O-O 12. O-O Re8 13. c3 d5 14. exd5 Nxd5 15.
Ndf5 Qf6 16. Bd3 Ndf4 17. Nh5 Qg5 18. Nfg3 Qh4 19. Nxf4 Nxf4 20. Bxf4 Qxf4 21.
Qh5 Re5 22. Qxh7+ Kf8 23. Qh8+ Ke7 24. Qxg7 Rg5 25. Rae1+ Be6 26. Rxe6+ Kxe6 27.
Re1+ Kd7 28. Bf5+ Rxf5 29. Nxf5 Qxf2+ 30. Kh2 Qxe1 0-1

[Event "Mondiale Semilampo 2016"]
[Site "Doha QAT"]
[Date "2016.12.26"]
[Round "1.37"]
[White "Naiditsch, Arkadij"]
[Black "Hirneise, Tobias"]
[Result "1/2-1/2"]
[WhiteTitle "GM"]
[BlackTitle "IM"]
[WhiteElo "2687"]
[BlackElo "2466"]
[WhiteFideId "4650891"]
[BlackFideId "24600881"]
[EventDate "2016.12.26"]

1. e4 e5 2. Nf3 Nc6 3. Nc3 Nf6 4. Bb5 Bb4 5. O-O O-O 6. d3 Bxc3 7. bxc3 d6 8.
Bg5 Qe7 9. Re1 a6 10. Bxc6 bxc6 11. d4 a5 12. h3 Ba6 13. Nh4 Qe6 14. Qf3 Nd7 15.
Nf5 Kh8 16. Be7 Rg8 17. d5 cxd5 18. exd5 Qg6 19. Re4 f6 20. Rh4 Be2 21. Qe4 Nc5
22. Qxe2 Qxf5 23. Rc4 Rge8 24. Rxc5 dxc5 25. Bxc5 Rab8 26. Ba3 Qd7 27. c4 Qa4
28. Qd3 e4 29. Qc3 e3 30. f3 Re5 31. Re1 Rbe8 32. Qb3 Qd7 33. Bb2 R5e7 34. Ba3
Re5 35. Bb2 R5e7 36. Ba3 1/2-1/2

[Event "Mondiale Semilampo 2016"]
[Site "Doha QAT"]
[Date "2016.12.26"]
[Round "1.38"]
[White "Belyakov, Bogdan"]
[Black "Howell, David W L"]
[Result "1/2-1/2"]
[WhiteTitle "IM"]
[BlackTitle "GM"]
[WhiteElo "2487"]
[BlackElo "2644"]
[WhiteFideId "24104795"]
[BlackFideId "410608"]
[EventDate "2016.12.26"]

1. e4 e5 2. Nf3 Nc6 3. Bc4 Nf6 4. d4 exd4 5. e5 d5 6. Bb5 Ne4 7. Nxd4 Bd7 8.
Bxc6 bxc6 9. O-O c5 10. Nb3 c6 11. f3 Ng5 12. f4 Ne4 13. Nc3 Bf5 14. g4 Nxc3 15.
bxc3 Be4 16. Nd2 f5 17. exf6 Qxf6 18. Nxe4 dxe4 19. Qe2 Qxc3 20. Qxe4+ Kf7 21.
Qxc6 Rd8 22. Rb1 Be7 23. Rb7 Rhe8 24. f5 Kf8 25. Bb2 Qe3+ 26. Kh1 Qe2 27. Qg2
Rd2 28. Qxe2 Rxe2 29. Rxa7 Rxc2 30. Bxg7+ Kxg7 31. f6+ Kg6 32. Rxe7 Rxe7 33.
fxe7 Re2 34. Rc1 Rxe7 35. Rxc5 Re1+ 36. Kg2 Re2+ 37. Kg3 Rxa2 38. Rc6+ Kg7 39.
h3 Ra3+ 40. Kh4 h6 41. Rb6 Rc3 42. Rb7+ Kg6 43. Rb6+ Kg7 44. Rb7+ 1/2-1/2

[Event "Mondiale Semilampo 2016"]
[Site "Doha QAT"]
[Date "2016.12.26"]
[Round "1.39"]
[White "Riazantsev, Alexander"]
[Black "Tissir, Mohamed"]
[Result "1-0"]
[WhiteTitle "GM"]
[BlackTitle "IM"]
[WhiteElo "2671"]
[BlackElo "2376"]
[WhiteFideId "4125029"]
[BlackFideId "9000240"]
[EventDate "2016.12.26"]

1. d4 e6 2. c4 c5 3. d5 exd5 4. cxd5 d6 5. Nc3 Ne7 6. Nf3 Ng6 7. e3 Be7 8. Be2
O-O 9. O-O Re8 10. a3 a6 1-0

[Event "Mondiale Semilampo 2016"]
[Site "Doha QAT"]
[Date "2016.12.26"]
[Round "1.40"]
[White "Sanal, Vahap"]
[Black "Mamedov, Rauf"]
[Result "1-0"]
[WhiteTitle "GM"]
[BlackTitle "GM"]
[WhiteElo "2474"]
[BlackElo "2688"]
[WhiteFideId "6300545"]
[BlackFideId "13401653"]
[EventDate "2016.12.26"]

1. e4 c5 2. Nf3 Nc6 3. d4 cxd4 4. Nxd4 g6 5. Nc3 Bg7 6. Be3 Nf6 7. Bc4 Qa5 8.
O-O d6 9. h3 O-O 10. Bb3 Bd7 11. Nf3 Rfc8 12. Qe2 Be8 13. Rad1 Qc7 14. Nd5 Nxd5
15. exd5 Na5 16. Bd4 Bf8 17. c3 a6 18. Rfe1 Nc4 19. h4 a5 20. h5 a4 21. hxg6
hxg6 22. Qe4 axb3 23. Qh4 f6 24. Ng5 e5 25. dxe6 Ne5 26. Ne4 Be7 27. Nxf6+ Bxf6
28. Qxf6 Qh7 29. e7 Nf7 30. axb3 Ra5 31. f3 Rf5 32. Qe6 Rc6 33. Qd7 Qh2+ 34.
Kxh2 Bxd7 35. e8=Q+ Bxe8 36. Rxe8+ Kh7 37. g4 Rb5 38. Kg3 Ne5 39. f4 1-0

[Event "Mondiale Semilampo 2016"]
[Site "Doha QAT"]
[Date "2016.12.26"]
[Round "1.41"]
[White "Najer, Evgeniy"]
[Black "Neelotpal, Das"]
[Result "1/2-1/2"]
[WhiteTitle "GM"]
[BlackTitle "GM"]
[WhiteElo "2679"]
[BlackElo "2463"]
[WhiteFideId "4118987"]
[BlackFideId "5003512"]
[EventDate "2016.12.26"]

1. e4 e5 2. Nf3 Nc6 3. Bb5 a6 4. Ba4 Nf6 5. O-O Be7 6. Re1 b5 7. Bb3 O-O 8. d4
d6 9. c3 Bg4 10. Be3 exd4 11. cxd4 Na5 12. Bc2 Nc4 13. Bc1 c5 14. b3 Nb6 15.
Nbd2 Nfd7 16. Bb2 Rc8 17. Qb1 g6 18. h3 Bxf3 19. Nxf3 cxd4 20. Nxd4 Bf6 21. Qd1
d5 22. Qd2 Re8 23. Rad1 Nc5 24. e5 Bxe5 25. Rxe5 Rxe5 26. Nc6 Rxc6 27. Bxe5 Ne6
28. Bb1 Rc8 29. Qe3 d4 30. Qf3 Nd5 31. Bxd4 Nxd4 32. Rxd4 Rc1+ 33. Rd1 Qg5 34.
h4 Qd2 35. Rxc1 Qxc1+ 1/2-1/2

[Event "Mondiale Semilampo 2016"]
[Site "Doha QAT"]
[Date "2016.12.26"]
[Round "1.42"]
[White "Quintiliano Pinto, Renato R."]
[Black "Bu, Xiangzhi"]
[Result "0-1"]
[WhiteTitle "IM"]
[BlackTitle "GM"]
[WhiteElo "2484"]
[BlackElo "2705"]
[WhiteFideId "2117568"]
[BlackFideId "8601445"]
[EventDate "2016.12.26"]

1. d4 Nf6 2. c4 e6 3. Nf3 b6 4. g3 Bb7 5. Bg2 Bb4+ 6. Nbd2 O-O 7. O-O d5 8. Qc2
Nbd7 9. Rd1 c5 10. cxd5 exd5 11. dxc5 bxc5 12. a3 Ba5 13. e3 Qe7 14. b3 Rac8 15.
Bb2 Rfe8 16. Nh4 Qe6 17. Rac1 Bb6 18. Nhf3 h6 19. Qb1 a5 20. b4 axb4 21. axb4
cxb4 22. Bxf6 Qxf6 23. Qxb4 Ba6 24. Rxc8 Rxc8 25. Bf1 Bxf1 26. Rxf1 Qf5 27. Qb5
Rc5 28. Qa4 Rc7 29. Qb5 Qe6 30. Nb3 Nf6 31. Nbd4 Bxd4 32. Nxd4 Qh3 33. Qb8+ Rc8
34. Qb7 Re8 35. Qb5 h5 36. Rc1 h4 37. Qf1 Qg4 38. Qe2 Qg6 39. Qf3 Re5 40. Qf4
Rh5 41. Rc8+ Kh7 42. Qb8 Qg4 43. f3 Qg5 44. f4 Qg4 45. Rh8+ Kg6 46. f5+ Kg5 47.
Rxh5+ Nxh5 48. Qd8+ Nf6 49. Kf2 Qd1 50. gxh4+ Kg4 51. Qa5 Kh3 52. Qe1 Ng4+ 53.
Kf1 Nxh2+ 54. Kf2 Ng4+ 0-1

[Event "Mondiale Semilampo 2016"]
[Site "Doha QAT"]
[Date "2016.12.26"]
[Round "1.43"]
[White "Matlakov, Maxim"]
[Black "Gashimov, Sarkhan"]
[Result "1-0"]
[WhiteTitle "GM"]
[WhiteElo "2694"]
[BlackElo "2351"]
[WhiteFideId "4168003"]
[BlackFideId "13400657"]
[EventDate "2016.12.26"]

1. d4 Nf6 2. Nf3 b6 3. c4 e6 4. g3 Ba6 5. Nbd2 Bb7 6. Bg2 c5 7. e4 cxd4 8. Nxd4
d6 9. O-O Be7 10. e5 Bxg2 11. exf6 Bxf6 12. Nxe6 fxe6 13. Kxg2 O-O 14. Ne4 Be7
15. Bf4 d5 16. cxd5 Qxd5 17. Qxd5 exd5 18. Nc3 Rd8 19. Rac1 Na6 20. Be5 d4 21.
Ne4 Nc5 22. Nxc5 Bxc5 23. Rfd1 Rd5 24. f4 Rad8 25. Rd3 Rf8 26. Rc4 a5 27. a3 b5
28. Rc2 Rf7 29. h4 a4 30. h5 h6 31. g4 Bd6 32. Rc8+ Bf8 33. Kg3 Kh7 34. Rxd4
Rxd4 35. Bxd4 b4 36. axb4 Bxb4 37. g5 hxg5 38. fxg5 Bd6+ 39. Kg2 Re7 40. g6+ Kh6
41. Rh8+ Kg5 42. h6 Kxg6 43. hxg7 Rxg7 44. Bxg7 Kxg7 45. Rh4 a3 46. b3 Kf6 47.
Kf3 Ke5 48. Ra4 Kd5 49. Ke3 Kc5 50. Kd3 Kb5 51. Kd4 Bf8 52. Kc3 Bg7+ 53. Kc2 Bf8
54. Ra8 Be7 55. Rb8+ Ka5 56. Kd3 Bf6 57. Kc4 Ka6 58. Ra8+ Kb6 59. Rxa3 Kb7 60.
b4 Be7 61. Kb5 Bd6 62. Rh3 Be5 63. Rh7+ Kb8 64. Kc6 1-0

[Event "Mondiale Semilampo 2016"]
[Site "Doha QAT"]
[Date "2016.12.26"]
[Round "1.44"]
[White "Hirneise, Jens"]
[Black "Halkias, Stelios"]
[Result "0-1"]
[WhiteTitle "FM"]
[BlackTitle "GM"]
[WhiteElo "2315"]
[BlackElo "2585"]
[WhiteFideId "24614734"]
[BlackFideId "4201809"]
[EventDate "2016.12.26"]

1. e4 e5 2. Nf3 Nc6 3. Bb5 a6 4. Ba4 Nf6 5. d3 d6 6. c3 g6 7. O-O Bg7 8. Re1 O-O
9. Nbd2 Nd7 10. Nf1 Nc5 11. Bc2 Ne6 12. Bb3 Kh8 13. Ng3 Bd7 14. a4 Qe7 15. Bd2
Rae8 16. Qc1 Ncd8 17. a5 f5 18. exf5 gxf5 19. d4 e4 20. Ng5 c6 21. Nh5 d5 22.
Nxe6 Nxe6 23. Nxg7 Qxg7 24. Bf4 Nxf4 25. Qxf4 Rg8 26. g3 Be6 27. Bd1 Bc8 28. Be2
Qf6 29. b3 Re7 30. Rad1 Be6 31. Rd2 Rd8 32. Red1 Bf7 33. Bf1 Kg7 34. Bh3 Bg6 35.
Re1 h6 36. Re3 Qg5 37. Kf1 Kf6 38. Bg2 Bh5 39. Bh3 Qxf4 40. gxf4 Bf3 41. Bg2 Bg4
42. Ra2 Rg8 43. Rg3 Reg7 44. Ra4 h5 45. h4 Bd1 46. Rg5 Bxb3 47. Rb4 Bc4+ 48. Kg1
Bb5 49. Kh2 Re8 50. Rb1 Ree7 51. Re1 Bd3 52. Re3 Ref7 53. Reg3 Rxg5 54. Rxg5 Re7
55. Rg3 Be2 56. Rg8 Bg4 57. Rb8 Ke6 58. Rd8 Rd7 59. Re8+ Kd6 60. Bh3 Rg7 61. Re5
c5 62. Bxg4 Rxg4 63. Rxf5 cxd4 64. cxd4 Rxh4+ 65. Kg3 Rh1 66. Rf6+ Kd7 67. Rh6
Rg1+ 68. Kh2 Rd1 69. Rxh5 Rxd4 70. Kg3 Rd3+ 71. Kg4 Kc6 72. Rh6+ Kc5 73. Rb6 Rf3
74. f5 Rxf2 75. Rxb7 e3 76. Re7 d4 77. Kg5 e2 78. f6 d3 79. Re5+ Kd4 80. Re8 Kc3
81. Kg6 Kd2 0-1

[Event "Mondiale Semilampo 2016"]
[Site "Doha QAT"]
[Date "2016.12.26"]
[Round "1.45"]
[White "Moiseenko, Alexander"]
[Black "Christiansen, Johan-Sebastian"]
[Result "1-0"]
[WhiteTitle "GM"]
[BlackTitle "IM"]
[WhiteElo "2657"]
[BlackElo "2429"]
[WhiteFideId "14102560"]
[BlackFideId "1512668"]
[EventDate "2016.12.26"]

1. d4 d5 2. c4 dxc4 3. e3 e5 4. Bxc4 Nc6 5. Nf3 e4 6. Nfd2 Qg5 7. Nxe4 Qxg2 8.
Ng3 Nf6 9. Bf1 Qd5 10. Nc3 Bb4 11. Bd2 Qd8 12. Qc2 O-O 13. O-O-O Ne7 14. Bg2 c6
15. Kb1 Be6 16. Nce4 Nxe4 17. Bxb4 Nd6 18. Qc5 a5 19. Ba3 Ndc8 20. e4 b6 21. Qc2
Nd6 22. f4 Nb5 23. f5 Bd7 24. Qb3 a4 25. Qf3 Nxa3+ 26. Qxa3 Re8 27. Rhg1 b5 28.
Bh3 b4 29. Qxb4 Rb8 30. Qc3 Kh8 31. Nh5 Rg8 32. d5 Ng6 33. fxg6 fxg6 34. dxc6 a3
35. Rxd7 Rxb2+ 36. Qxb2 Qh4 37. Qxa3 Qxh5 38. Ka1 Qe5+ 39. Qb2 Qxe4 40. c7 Qa8
41. Rxg7 1-0

[Event "Mondiale Semilampo 2016"]
[Site "Doha QAT"]
[Date "2016.12.26"]
[Round "1.46"]
[White "Firouzja, Alireza"]
[Black "Volokitin, Andrei"]
[Result "0-1"]
[WhiteTitle "IM"]
[BlackTitle "GM"]
[WhiteElo "2456"]
[BlackElo "2649"]
[WhiteFideId "12573981"]
[BlackFideId "14107090"]
[EventDate "2016.12.26"]

1. e4 c5 2. Nf3 d6 3. d4 cxd4 4. Nxd4 Nf6 5. Nc3 a6 6. h3 g6 7. g4 Bg7 8. Be3
O-O 9. g5 Nh5 10. Be2 e5 11. Nb3 Nf4 12. Bxf4 exf4 13. h4 a5 14. Nd4 a4 15. a3
d5 16. Nxd5 Nc6 17. Nb5 Ra5 18. Nbc3 Nd4 19. Bc4 Rc5 20. Ba2 Be6 21. Nxf4 Bxa2
22. Rxa2 Re8 23. Qd3 Rf5 24. Nce2 Rfe5 25. f3 Qa5+ 26. Kf1 Nxe2 27. Qxe2 Rd8 28.
Nd3 Rb5 29. Nb4 Rc5 30. Kg2 Rxg5+ 31. Kf1 Rg3 32. c4 Qh5 33. Kf2 Rd2 0-1

[Event "Mondiale Semilampo 2016"]
[Site "Doha QAT"]
[Date "2016.12.26"]
[Round "1.47"]
[White "Li, Chao b"]
[Black "Saeed, Ishaq"]
[Result "1-0"]
[WhiteTitle "GM"]
[BlackTitle "FM"]
[WhiteElo "2720"]
[BlackElo "2312"]
[WhiteFideId "8604436"]
[BlackFideId "9301453"]
[EventDate "2016.12.26"]

1. d4 Nf6 2. c4 e6 3. g3 Be7 4. Bg2 d5 5. Nf3 O-O 6. Qc2 a6 7. Nbd2 dxc4 8. Nxc4
Nc6 9. O-O b5 10. Nce5 Nb4 11. Qd1 Bb7 12. a3 Nbd5 13. Qc2 Rc8 14. Nc6 Qe8 15.
Nfe5 Bd6 16. b4 Nb6 17. Ne7+ Bxe7 18. Bxb7 Rb8 19. Bxa6 Bd6 20. Nc6 Nbd5 21.
Nxb8 Qxb8 22. Qc6 Qa7 23. Bb2 Rb8 24. Bxb5 Ne4 25. Bd3 Nd2 26. Rfd1 Nb3 27. Rab1
g6 28. Bc2 Ne7 29. Qc3 Nd5 30. Qxb3 Be7 31. e4 Nb6 32. Qc3 1-0

[Event "Mondiale Semilampo 2016"]
[Site "Doha QAT"]
[Date "2016.12.26"]
[Round "1.48"]
[White "Maghsoodloo, Parham"]
[Black "Vitiugov, Nikita"]
[Result "1/2-1/2"]
[WhiteTitle "GM"]
[BlackTitle "GM"]
[WhiteElo "2584"]
[BlackElo "2726"]
[WhiteFideId "12539929"]
[BlackFideId "4152956"]
[EventDate "2016.12.26"]

1. Nf3 d5 2. e3 Nf6 3. b3 Bf5 4. Bb2 e6 5. Be2 h6 6. O-O c6 7. d3 Be7 8. Nbd2
O-O 9. Ne5 a5 10. a3 Bh7 11. Kh1 Nbd7 12. f4 Nxe5 13. Bxe5 Nd7 14. Bb2 Bf6 15.
Qc1 Bxb2 16. Qxb2 Qb6 17. Rf3 a4 18. b4 c5 19. Rb1 cxb4 20. Qxb4 Qxb4 21. Rxb4
Rfc8 22. Bd1 Rc7 23. Kg1 Nc5 24. Rf1 f6 25. Nf3 Re8 26. Nd4 e5 27. Nb5 Rc6 28.
Bh5 Rd8 29. fxe5 fxe5 30. Na7 Rc7 31. Nb5 Rc6 32. Na7 Rc7 33. Nb5 Rc6 1/2-1/2

[Event "Mondiale Semilampo 2016"]
[Site "Doha QAT"]
[Date "2016.12.26"]
[Round "1.50"]
[White "Stratonowitsch, Andre"]
[Black "Adhiban, Baskaran"]
[Result "0-1"]
[BlackTitle "GM"]
[WhiteElo "2138"]
[BlackElo "2666"]
[WhiteFideId "24613959"]
[BlackFideId "5018471"]
[EventDate "2016.12.26"]

1. e4 c5 2. Nf3 e6 3. d4 cxd4 4. Nxd4 Nc6 5. Nc3 Qc7 6. Ndb5 Qb8 7. Be3 a6 8.
Bb6 axb5 9. Nxb5 Bb4+ 10. c3 Ba5 11. Nc7+ Qxc7 12. Bxc7 Bxc7 13. Qg4 g6 14. Bb5
Nge7 15. O-O O-O 16. a4 f5 17. exf5 Nxf5 18. Rad1 d5 19. Qe2 Bd7 20. b3 Rae8 21.
Kh1 Re7 22. b4 Nd6 23. Bxc6 Bxc6 24. b5 Bd7 25. Rxd5 Nf5 26. Rd2 e5 27. Qe4 Be6
28. Rfd1 Ba5 29. Rc1 Nd4 30. Rxd4 exd4 31. cxd4 Rfe8 32. h3 Bf7 33. Qf3 Rd7 34.
Qf6 Bd5 35. Rc2 Bc7 36. Rxc7 Rxc7 37. Kh2 Rd7 38. a5 Rf8 39. Qh4 Ra8 40. Qg4 Rf7
41. Qg5 Rf5 42. Qd2 Bc4 43. a6 bxa6 44. bxa6 Rxa6 45. Qb4 Bf7 46. f3 Rd5 0-1

[Event "Mondiale Semilampo 2016"]
[Site "Doha QAT"]
[Date "2016.12.26"]
[Round "1.51"]
[White "Vidit, Santosh Gujrathi"]
[Black "Gholami, Aryan"]
[Result "1-0"]
[WhiteTitle "GM"]
[BlackTitle "IM"]
[WhiteElo "2689"]
[BlackElo "2422"]
[WhiteFideId "5029465"]
[BlackFideId "12513342"]
[EventDate "2016.12.26"]

1. d4 Nf6 2. Nf3 e6 3. c4 b6 4. e3 Bb7 5. Bd3 Bb4+ 6. Nbd2 O-O 7. O-O d5 8. b3
Nbd7 9. Bb2 Be7 10. Rc1 c5 11. Qe2 Rc8 12. Rfd1 cxd4 13. Nxd4 Bd6 14. cxd5 Rxc1
15. Rxc1 Nxd5 16. Ne4 Be7 17. Ba6 Qa8 18. Bxb7 Qxb7 19. Nc6 Rc8 20. Qg4 Bf8 21.
Nd6 Ne5 22. Nxb7 Nxg4 23. e4 Rc7 24. exd5 Rxb7 25. h3 Nh6 26. dxe6 fxe6 27. Nd8
Re7 28. Rc6 e5 29. Ne6 Nf7 30. Nxf8 Kxf8 31. Rc8+ 1-0

[Event "Mondiale Semilampo 2016"]
[Site "Doha QAT"]
[Date "2016.12.26"]
[Round "1.52"]
[White "khayat, Abdullah F"]
[Black "Bosiocic, Marin"]
[Result "0-1"]
[BlackTitle "GM"]
[WhiteElo "1732"]
[BlackElo "2591"]
[WhiteFideId "21500460"]
[BlackFideId "14507927"]
[EventDate "2016.12.26"]

1. Nf3 d5 2. d3 Nf6 3. g3 Nc6 4. Bg2 e5 5. O-O Be7 6. c3 a5 7. Re1 O-O 8. Nbd2
e4 9. dxe4 dxe4 10. Ng5 e3 11. fxe3 Ng4 12. Ngf3 Nxe3 13. Qa4 Bf5 14. Ne4 Nxg2
15. Kxg2 b5 16. Qc2 Qd5 17. Nfd2 Bg5 18. c4 bxc4 19. e3 Rfe8 20. Kf3 Rxe4 21.
Nxe4 Ne5+ 22. Kf2 Bxe4 23. Rd1 Bd3 24. Rxd3 Qf3+ 25. Kg1 cxd3 26. Qc3 Ng4 27.
Qe1 Nxe3 0-1

[Event "Mondiale Semilampo 2016"]
[Site "Doha QAT"]
[Date "2016.12.26"]
[Round "2.3"]
[White "Dominguez Perez, Leinier"]
[Black "Riazantsev, Alexander"]
[Result "1/2-1/2"]
[WhiteTitle "GM"]
[BlackTitle "GM"]
[WhiteElo "2739"]
[BlackElo "2671"]
[WhiteFideId "3503240"]
[BlackFideId "4125029"]
[EventDate "2016.12.26"]

1. e4 c6 2. d4 d5 3. e5 Bf5 4. Nf3 e6 5. Be2 h6 6. O-O Ne7 7. Nbd2 Nd7 8. Nb3
Qc7 9. Bd2 g5 10. Bb4 Ng6 11. Bxf8 Rxf8 12. Ne1 Ne7 13. Bd3 c5 14. Bxf5 Nxf5 15.
c3 O-O-O 16. Nc2 c4 17. Nd2 f6 18. exf6 Rxf6 19. Ne3 Nxe3 20. fxe3 Rxf1+ 21.
Qxf1 Rf8 22. Qe2 e5 23. Qg4 e4 24. Qe6 Qc6 25. Qxc6+ bxc6 26. b3 cxb3 27. axb3
Kb7 28. Rf1 Rxf1+ 29. Kxf1 c5 30. Ke2 Kc6 31. Nf1 a5 32. Ng3 Nf6 33. Nf5 h5 34.
dxc5 Kxc5 35. Nd4 Kd6 36. h3 Nd7 37. Nf5+ Ke5 38. Nd4 Kd6 39. Kd2 Nb6 40. Nf5+
Ke5 41. Nd4 a4 42. bxa4 Nxa4 43. Nc6+ Kd6 44. Nd4 Nb6 45. Ke2 Nc4 46. Nf5+ Ke5
47. Nd4 Kd6 48. Nf5+ Ke5 49. Nd4 Kd6 1/2-1/2

[Event "Mondiale Semilampo 2016"]
[Site "Doha QAT"]
[Date "2016.12.26"]
[Round "2.4"]
[White "Bu, Xiangzhi"]
[Black "Anand, Viswanathan"]
[Result "1/2-1/2"]
[WhiteTitle "GM"]
[BlackTitle "GM"]
[WhiteElo "2705"]
[BlackElo "2779"]
[WhiteFideId "8601445"]
[BlackFideId "5000017"]
[EventDate "2016.12.26"]

1. Nf3 d5 2. d4 Nf6 3. c4 e6 4. Nc3 Nbd7 5. cxd5 exd5 6. Bf4 Bb4 7. e3 Ne4 8.
Qc2 g5 9. Be5 Nxe5 10. Nxe5 c6 11. Bd3 f6 12. Nf3 f5 13. O-O Bd6 14. Ne5 g4 15.
f3 gxf3 16. gxf3 Nxc3 17. bxc3 O-O 18. f4 Be6 19. Kh1 Kh8 20. Rf3 Qf6 21. Rg1
Rg8 22. Rfg3 Rxg3 23. Rxg3 Rg8 24. Rxg8+ Kxg8 25. Qb1 Bc8 26. c4 dxc4 27. Bxc4+
Kf8 28. Qe1 Ke8 29. Qg3 Bxe5 30. fxe5 Qg6 31. Qf3 Be6 32. Bxe6 Qxe6 33. Qe2 b5
34. Kg1 a5 35. Kf2 a4 36. Qc2 Qd5 37. a3 Qe4 38. Qc5 f4 39. exf4 Qxf4+ 40. Kg2
Qh6 41. Qb6 Qg6+ 1/2-1/2